Geography Quiz

Random Geography or State Quiz

'N' States Quiz Stats

 Plays Quiz Updated Sep 6, 2015

Score 0/8 Timer 01:00
0 Plays Today
% Correct
North Dakota
90.8%
New York
89.6%
North Carolina
88.4%
Nebraska
87.2%
Nevada
84.8%
New Hampshire
81.5%
New Mexico
78.7%
New Jersey
77.8%

You're not logged in!

Compare scores with friends on all Sporcle quizzes.
OR
Log In

You Might Also Like...

Show Comments

Extras

Top Quizzes Today


Score Distribution

Your Account Isn't Verified!

In order to create a playlist on Sporcle, you need to verify the email address you used during registration. Go to your Sporcle Settings to finish the process.

Report this User

Report this user for behavior that violates our Community Guidelines.

Details: